000 00584cam a22002414a 4500
005 20250605164333.0
008 250528s ||||||||||||||||||||||||d
035 _a23331
020 _a9780415427807
040 _aGR-AtMCL
_bgre
_dGR-AtMCL
_eAACR2
245 1 _aPeople management
250 _a1st
260 _bRouledge,
_c2009
300 _a228
700 1 _aHutchinson Sue
_94177
700 1 _aKinnie Nicholas
_94183
700 1 _aPurcell John
_94184
700 1 _aRayton Bruce
_94185
700 1 _aSwart Juani
_94186
942 _cBK
999 _c8357
_d8357